| 000 -ლიდერი |
| ფიქსირებული სიგრძის საკონტროლო ველი |
01644nam a2200253Ia 4500 |
| 001 - საკონტროლო ნომერი |
| საკონტროლო ველი |
18695 |
| 003 - საკონტროლო ნომრის იდენტიფიკატორი |
| საკონტროლო ველი |
GE_BSU |
| 005 - ბოლო ოპერაციის თარიღი და დრო |
| საკონტროლო ველი |
20220920162948.0 |
| 008 - ფიქსირებული სიგრძის მონაცემთა ელემენტები - ზოგადი ინფორმაცია |
| ფიქსირებული სიგრძის საკონტროლო ველი |
181216s2008||||ge |||||||||||||| ||geo|| |
| 040 ## - კატალოგიზაციის წყარო |
| Transcribing agency |
GE_BSU |
| 041 ## - ენის კოდი |
| Language code of text/sound track or separate title |
geo |
| 080 ## - უნივერსალური ათობითი კლასიფიკაციის ინდექსი |
| Universal Decimal Classification number |
58 მ-74 |
| 100 ## - მთავარი ჩანაწერი - პიროვნების სახელი |
| Personal name |
მიქელაძე, ი. |
| 9 (RLIN) |
10606 |
| 245 ## - ცნობა სათაურის შესახებ |
| Title |
ვარდის (Rose) ინტროდუქცია ბათუმის ბოტანიკურ ბაღში: დისერტაცია / |
| Statement of responsibility, etc |
ი. მიქელაძე; სამეცნიერო ხელმძღვანელი მ.დავითაძე. დ. ბარათაშვილი; ბათუმის შოთა რუსთაველის სახელმწიფოფო უნივერსიტეტი. ბიოლოგიის დეპარტამენტი. |
| 264 ## - წარმოების, გამოცემის, დისტრიბუციის და სხვა ცნობები |
| გამოცემის, წარმოების, დისტრიბუციის... ადგილი |
ბათუმი : |
| გამოცემის, წარმოების, დისტრიბუციის... სახელწოდება |
ბსუ, |
| გამოცემის, წარმოების, დისტრიბუციის... თარიღი |
2008. |
| 300 ## - ფიზიკური აღწერა |
| Extent |
122 გვ.; |
| Other physical details |
30 სმ. |
| 653 ## - INDEX TERM--UNCONTROLLED |
| Uncontrolled term |
ბოტანიკა |
| 653 ## - INDEX TERM--UNCONTROLLED |
| Uncontrolled term |
დისერტაცია |
| 653 ## - INDEX TERM--UNCONTROLLED |
| Uncontrolled term |
ვარდის (Rose) ინტროდუქცია ბათუმის ბოტანიკურ ბაღში |
| 700 ## - ADDED ENTRY--PERSONAL NAME |
| Personal name |
დავითაძე, მ. |
| Relator term |
სამეცნიერო ხელმძღვანელი |
| 9 (RLIN) |
2491 |
| 700 ## - ADDED ENTRY--PERSONAL NAME |
| Personal name |
ბარათაშვილი, დ. |
| Relator term |
სამეცნიერო ხელმძღვანელი |
| 9 (RLIN) |
10399 |
| 710 ## - ADDED ENTRY--CORPORATE NAME |
| Corporate name or jurisdiction name as entry element |
ბათუმის შოთა რუსთაველის სახ-ფო უნ-ტი. |
| Subordinate unit |
ბიოლოგიის დეპარტამენტი. |
| 9 (RLIN) |
10607 |
| 942 ## - ADDED ENTRY ELEMENTS (KOHA) |
| Koha item type |
წიგნი |
| Source of classification or shelving scheme |
|